Lesník časopis zamestnancov Lesy Slovenskej republiky, štátny podnik

Bibliographic Details
Format: Journal
Language:Slovak
Polish
Czech
PhysicalDescription:zv. 30 cm
Published: Banská Bystrica Lesy Slovenskej republiky [2000]-2022; 2024-
ISSN:1337-9380
Subjects:
Online Access:http://www.lesy.sk/showdoc.do?docid=78

MARC

LEADER 00000cas a2200000 a 4500
001 vtls008884735
003 SK-MaSNL
005 20260228162307.0
008 141119c2000 xo qr|p 0 0 b0slo
022 |a 1337-9380 
035 |a (SVKBB03)vtls000200975 
040 |a SVKBB  |b slo  |c SVKBB  |d SNK  |e AACR2 
041 0 |a slo  |a pol  |a cze 
044 |a xo  |c SK 
072 7 |a 630  |x Lesníctvo  |2 konspekt 
072 7 |a 639.1  |x Poľovníctvo  |2 konspekt 
080 |a 630  |2 2001 
080 |a 050  |2 2001 
080 |a 639.1  |2 2001 
210 0 |a Lesník  |b (Banská Bystrica) 
222 0 |a Lesník  |b (Banská Bystrica) 
245 0 0 |a Lesník  |b časopis zamestnancov Lesy Slovenskej republiky, štátny podnik 
260 |a Banská Bystrica  |b Lesy Slovenskej republiky  |c [2000]-2022; 2024- 
300 |a zv.  |c 30 cm 
310 |a 4x ročne  |b 2024- 
321 |a 1x mesačne  |b 2000-2022 
362 0 |a [2000]-2022; 2024- 
500 |a Šéfredaktori sa menia 
500 |a V roku 2005-2014 podnázov: časopis zamestnancov š.p. Lesy SR Banská Bystrica 
500 |a V roku 2010 vyšlo 7 čísel (máj-dec.) 
500 |a Ďalší podnázov: ľudia pre lesy, lesy pre ľudí 
500 |a V roku 2000-2004 podnázov: časopis š.p. Lesy Slovenskej republiky Banská Bystrica 
500 |a Podľa agentúry ISSN titul vychádza od roku 2000- 
500 |a Obnovené vydanie časopisu od roku 2024. 
515 |a Niektoré čísla vychádzajú ako dvojčíslo 
525 |a V roku 2010-2011 vyšla príloha: Lesník špeciál REW-BE-LAS 
546 |a Text aj v češ., poľ. 
650 0 7 |a lesníctvo  |2 SNKPH  |9 1255 
650 0 7 |a poľovníctvo  |2 SNKPH  |9 2774 
655 7 |a špecializované časopisy  |2 SNKPH  |9 70509 
852 |a Štátna vedecká knižnica v Banskej Bystrici 
856 4 1 |u http://www.lesy.sk/showdoc.do?docid=78 
910 |a snk 
910 |a svkbb 
916 |a 2007-2013, 2014-2019, 2020 
999 |c 7463  |d 9393 
952 |0 0  |1 0  |4 0  |7 0  |8 0  |a SNK  |b SNK  |d 2014-09-18  |f 1  |i snk2014/19103  |l 0  |o snkČSB 5911/2007  |p 17A1095767  |r 2026-02-21 19:33:24  |t č. 1-12, neúplné  |w 2026-02-21  |y PREZ  |z chýbajú č. 2,3,6. 
952 |0 0  |1 0  |4 0  |7 0  |8 0  |a SNK  |b SNK  |d 2014-09-18  |f 1  |i snk2014/19104  |l 0  |o snkČSB 5911/2008  |p 17A1095768  |r 2026-02-21 19:33:24  |t č. 1-12  |w 2026-02-21  |y PREZ 
952 |0 0  |1 0  |4 0  |7 0  |8 0  |a SNK  |b SNK  |d 2014-09-18  |f 1  |i snk2014/19110  |l 0  |o snkČSB 5911/2013  |p 17A1095772  |r 2026-02-21 19:33:24  |t č. 1-12  |w 2026-02-21  |y PREZ 
952 |0 0  |1 0  |4 0  |7 0  |8 0  |a SNK  |b SNK  |d 2014-09-19  |f 1  |i snk2014/19113  |l 0  |o snkČSB 5911/2010  |p 17A1095773  |r 2026-02-21 19:33:52  |t č. 5-12+príl.  |w 2026-02-21  |y PREZ  |z r. 2010 vyšiel od 5/2010, príloha Lesník špeciál REW-BE-LAS 
952 |0 0  |1 0  |4 0  |7 0  |8 0  |a SNK  |b SNK  |d 2014-09-18  |f 1  |i snk2014/19107  |l 0  |o snkČSB 5911/2009  |p 17A1095769  |r 2026-02-21 19:53:43  |t č. 1-12  |w 2026-02-21  |y PREZ 
952 |0 0  |1 0  |4 0  |7 0  |8 0  |a SNK  |b SNK  |d 2022-02-02  |i snk2022/1787  |l 0  |o snkČSB 5911/2020  |p 17A1462006  |r 2026-02-21 20:01:33  |t č. 1-12  |w 2026-02-21  |y PREZ 
952 |0 0  |1 0  |4 0  |7 0  |8 0  |a SNK  |b SNK  |d 2022-12-05  |i snk2022/18112  |l 0  |o snkČSB 5911/2020 D1  |p 17A1464777  |r 2026-02-21 20:02:27  |t č. 1-12, neúplné  |w 2026-02-21  |y PREZ  |z Chýba č. 1, 9 
952 |0 0  |1 0  |4 0  |7 0  |8 0  |a SNK  |b SNK  |d 2022-12-02  |i snk2022/18018  |l 0  |o snkČSB 5911/2021  |p 17A1465001  |r 2026-02-21 20:12:27  |t č. 1-12  |w 2026-02-21  |y PREZ 
952 |0 0  |1 0  |4 0  |7 0  |8 0  |a SNK  |b SNK  |d 2014-09-18  |f 1  |i snk2014/19108  |l 0  |o snkČSB 5911/2011  |p 17A1095770  |r 2026-02-21 21:43:44  |t č. 1-12+príl.  |w 2026-02-21  |y PREZ  |z príloha Lesník REW-BE-LAS Špeciál, október 2011 
952 |0 0  |1 0  |4 0  |7 0  |8 0  |a SNK  |b SNK  |d 2014-09-18  |f 1  |i snk2014/19109  |l 0  |o snkČSB 5911/2012  |p 17A1095771  |r 2026-02-21 21:43:44  |t č. 1-12  |w 2026-02-21  |y PREZ 
952 |0 0  |1 0  |4 0  |7 0  |8 0  |a SNK  |b SNK  |d 2019-04-18  |f 1  |i snk2019/11478  |l 0  |o snkČSB 5911/2017  |p 17A1366896  |r 2026-02-21 21:58:38  |t č. 1-12  |w 2026-02-21  |y PREZ 
952 |0 0  |1 0  |4 0  |7 0  |8 0  |a SNK  |b SNK  |d 2017-02-28  |f 1  |i snk2017/5544  |l 0  |o snkČSB 5911/2014  |p 17A1205522  |r 2026-02-21 22:03:51  |t č. 1-12 + 1 príl.  |w 2026-02-21  |y PREZ  |z Prílohy: Významné lesnícke miesta - (v č. 10) 
952 |0 0  |1 0  |4 0  |7 0  |8 0  |a SNK  |b SNK  |d 2017-02-28  |f 1  |i snk2017/5545  |l 0  |o snkČSB 5911/2015  |p 17A1205521  |r 2026-02-21 22:03:51  |t č. 1-12  |w 2026-02-21  |y PREZ 
952 |0 0  |1 0  |4 0  |7 0  |8 0  |a SNK  |b SNK  |d 2017-02-28  |f 1  |i snk2017/5546  |l 0  |o snkČSB 5911/2016  |p 17A1205520  |r 2026-02-21 22:03:51  |t č. 1-12  |w 2026-02-21  |y PREZ 
952 |0 0  |1 0  |4 0  |7 0  |8 0  |a SNK  |b SNK  |d 2020-07-20  |f 1  |i snk2020/12937  |l 0  |o snkČSB 5911/2018  |p 17A1388630  |r 2026-02-21 22:08:38  |t č. 1-12  |w 2026-02-21  |y PREZ 
952 |0 0  |1 0  |4 0  |7 0  |8 0  |a SNK  |b SNK  |d 2020-07-20  |f 1  |i snk2020/12938  |l 0  |o snkČSB 5911/2019  |p 17A1388631  |r 2026-02-21 22:08:38  |t č. 1-12  |w 2026-02-21  |y PREZ